Normal view MARC view
  • MANN , F G .,SAUNDER S , B C

Entry Personal Name

Number of records used in: 1

001 - CONTROL NUMBER

  • control field: 7417

003 - CONTROL NUMBER IDENTIFIER

  • control field: OSt

005 - DATE AND TIME OF LATEST TRANSACTION

  • control field: 20221220124224.0

008 - FIXED-LENGTH DATA ELEMENTS

  • fixed length control field: 221220|| aca||aabn | a|a d

040 ## - CATALOGING SOURCE

  • Original cataloging agency: OSt
  • Transcribing agency: OSt

100 ## - HEADING--PERSONAL NAME

  • Personal name: MANN , F G .,SAUNDER S , B C

670 ## - SOURCE DATA FOUND

  • Source citation: Work cat.: (OSt)8151: MANN , F G .,SAUNDER S , B C , PRACTICAL ORGANIC CHEMISTRY